=LDR 00000nam 2200000 4500 =001 INLIS000000000014574 =005 20130612105843 =008 ***********************************Ind** =035 ##$$0010-061300000014574 =041 ##$$a Ind =082 ##$$a 638.16 =090 ##$$a 638.16, Win m =100 ##$$a Winarno, F.G =245 ##$$a Madu, Teknologi, khasiat dan analisa, F.G., Winarno =260 ##$$a 1982 $b Jakarta =300 ##$$a 96 hlm, Ilus, 21 cm =650 ##$$a Madu-pemeliharaan =850 ##$$a NBPNMAT